000 00514nam a2200169Ia 4500
008 240729s9999 xx 000 0 und d
022 _a2544-1361
245 0 _aEuropean Journal of Clinical and Experimental Medicine
260 _aPoland
260 _bPublishing Office of the University of Rzeszów
650 _a Internal medicine | Medicine
650 _a Medicine (General)
650 _aMedicine
856 _uhttps://doaj.org/toc/a64b22e821da4186bfca571155703e18
942 _2ddc
942 _cDOAJEJ
999 _c68888
_d68888
945 _a1
_bMadushi Gamage
_c1
_dMadushi Gamage